| 000 | 00479nam a2200205Ia 4500 | ||
|---|---|---|---|
| 008 | 170918s9999 xx 000 0 und d | ||
| 020 | _a9780545017046 | ||
| 050 | _bB393th 2008 | ||
| 100 | _aBeck, Nina | ||
| 245 | _aThis book isn't fat it's fabulous / | ||
| 245 | _cby Nina Beck. | ||
| 250 | _aFirst editon | ||
| 260 | _aNew York : | ||
| 260 | _bPoint, | ||
| 260 | _c2008 | ||
| 300 | _a236 pages : | ||
| 300 | _billustrations ; | ||
| 300 | _c20cm. | ||
| 500 | _a750 | ||
| 999 |
_c343943 _d343943 |
||